[Event "Albrecht-Beer-Turnier Gera"]
[Site "Gera"]
[Date "2024.10.05"]
[Round "5.25"]
[White "Kroh, Christian"]
[Black "Rauhut, Frank"]
[Result "1-0"]
[WhiteElo "1785"]
[BlackElo "1963"]
[PlyCount "61"]
[EventDate "2024.10.03"]
[WhiteTeam "TSG Apolda"]
[BlackTeam "SV Jenapharm Jena"]

1. d4 Nf6 2. Nf3 d6 3. c4 Nbd7 4. Nc3 e5 5. e4 c6 6. Be2 Be7 7. h3 O-O 8. O-O
Re8 9. Be3 Qc7 10. Rc1 Bf8 11. d5 c5 12. Qc2 Nh5 13. Qd2 a6 14. a3 g6 15. Nh4
Qd8 16. Bg5 Be7 17. Bxe7 Qxe7 18. g3 Nf4 19. Kh2 Nb6 20. Nf5 gxf5 21. gxf4 Kh8
22. Rg1 Qh4 23. Qe3 exf4 24. Qf3 Bd7 25. Bd3 fxe4 26. Nxe4 Nc8 27. Ng5 Rf8 28.
Qe4 f5 29. Qf3 Ne7 30. Bxf5 Bxf5 31. Qc3+ 1-0

[Event "Albrecht-Beer-Turnier Gera"]
[Site "Gera"]
[Date "2024.10.05"]
[Round "5.27"]
[White "Würsig, Mathias"]
[Black "Homberger, Jan"]
[Result "0-1"]
[WhiteElo "1812"]
[BlackElo "1915"]
[PlyCount "116"]
[EventDate "2024.10.03"]
[WhiteTeam "Lomnitzer SV"]
[BlackTeam "SSV Vimaria 91 Weimar"]

1. b3 Nf6 2. Bb2 g6 3. Nf3 Bg7 4. g3 O-O 5. Bg2 d6 6. d3 e5 7. Nbd2 Nc6 8. O-O
h6 9. a3 Be6 10. c4 Qd7 11. Qc2 Nh5 12. e4 f5 13. exf5 gxf5 14. Qd1 Qf7 15. b4
f4 16. Ne4 Nf6 17. Nfd2 Nxe4 18. Bxe4 Rae8 19. g4 Bf6 20. h3 Nd8 21. Bg2 c6 22.
Ne4 Be7 23. Nd2 Qg7 24. Qe2 h5 25. f3 Nf7 26. Qf2 b6 27. d4 Bf6 28. dxe5 Nxe5
29. c5 dxc5 30. bxc5 Nd3 31. Bxf6 Qxf6 32. Ne4 Qxa1 33. Rxa1 Nxf2 34. Kxf2 hxg4
35. hxg4 Bd5 36. Nd6 Re3 37. Nf5 Rc3 38. cxb6 axb6 39. Re1 Rxa3 40. Re7 Ra2+
41. Kg1 Ra1+ 42. Kh2 Rfa8 43. g5 R8a7 44. Nh6+ Kf8 45. Re5 Kg7 46. Nf5+ Kg6 47.
Ne7+ Rxe7 48. Rxe7 Kxg5 49. Rg7+ Kf6 50. Rg4 Ke5 51. Rg5+ Kd4 52. Rf5 Ke3 53.
Re5+ Kf2 54. Rf5 Ra8 55. Rf6 Rh8+ 56. Bh3 Kxf3 57. Rg6 Kf2 58. Rg2+ Ke3 0-1

[Event "Albrecht-Beer-Turnier Gera"]
[Site "Gera"]
[Date "2024.10.05"]
[Round "5.28"]
[White "Besancon, Pascal"]
[Black "Weinitschke, Daniel"]
[Result "1/2-1/2"]
[WhiteElo "1912"]
[BlackElo "1780"]
[PlyCount "26"]
[EventDate "2024.10.03"]
[WhiteTeam "SK Weida"]
[BlackTeam "Krostitzer SV"]

1. e4 e6 2. b3 d5 3. Bb2 c5 4. exd5 exd5 5. d4 Nf6 6. Nf3 Nc6 7. Be2 Be7 8.
dxc5 Qa5+ 9. Nbd2 Qxc5 10. O-O Be6 11. Re1 h6 12. Rc1 Rd8 13. Nf1 Ne4 1/2-1/2

[Event "Albrecht-Beer-Turnier Gera"]
[Site "Gera"]
[Date "2024.10.05"]
[Round "5.30"]
[White "Aniol, Adrian"]
[Black "Hildebrand, Azat"]
[Result "1-0"]
[WhiteElo "1901"]
[BlackElo "1590"]
[PlyCount "95"]
[EventDate "2024.10.03"]
[WhiteTeam "VfL 1990 Gera"]
[BlackTeam "SC Borussia Lichtenberg"]

1. e4 c6 2. c4 e6 3. Nc3 d5 4. exd5 exd5 5. cxd5 cxd5 6. d4 Nc6 7. Nf3 Bg4 8.
Be2 Nf6 9. h3 Bxf3 10. Bxf3 Qe7+ 11. Be3 Qb4 12. Qd2 Ne4 13. Nxe4 dxe4 14. Bxe4
Nxd4 15. Bxd4 Rd8 16. Qxb4 Bxb4+ 17. Bc3 Bxc3+ 18. bxc3 O-O 19. O-O b6 20. Rfd1
Rxd1+ 21. Rxd1 f5 22. Bd5+ Kh8 23. Re1 g6 24. Re7 a5 25. a4 Rd8 26. c4 Rb8 27.
Bc6 g5 28. Re8+ Rxe8 29. Bxe8 f4 30. h4 gxh4 31. Kh2 Kg7 32. Kh3 Kf6 33. Kxh4
Ke5 34. Kg4 Kd4 35. Kxf4 Kxc4 36. Ke5 Kc5 37. f4 h5 38. f5 h4 39. f6 h3 40.
gxh3 b5 41. Bxb5 Kb4 42. f7 Kc3 43. f8=Q Kd2 44. Kd4 Kc2 45. Qf2+ Kb3 46. Bc4+
Kxa4 47. Qa2+ Kb4 48. Qb3# 1-0

[Event "Albrecht-Beer-Turnier Gera"]
[Site "Gera"]
[Date "2024.10.05"]
[Round "5.31"]
[White "Brunen, Raul"]
[Black "Puschendorf, Steffen"]
[Result "1-0"]
[WhiteElo "1791"]
[BlackElo "2032"]
[PlyCount "53"]
[EventDate "2024.10.03"]
[WhiteTeam "SC Reichenbach"]
[BlackTeam "ESV Gera"]

1. e4 e6 2. d4 d5 3. exd5 exd5 4. Nf3 Nf6 5. Bd3 c5 6. Qe2+ Be7 7. Bb5+ Bd7 8.
O-O c4 9. Bxd7+ Nbxd7 10. Re1 O-O 11. Qxe7 Qa5 12. Bd2 Qb6 13. Qb4 Qc6 14. Nc3
a6 15. Ne5 Nxe5 16. Rxe5 Rad8 17. Qc5 Qxc5 18. dxc5 d4 19. Ne4 Ng4 20. Re7 f5
21. Nd6 b5 22. Ba5 Ra8 23. Rae1 Nf6 24. c6 Nd5 25. Re8 d3 26. Rxa8 Rxa8 27.
cxd3 1-0

[Event "Albrecht-Beer-Turnier Gera"]
[Site "Gera"]
[Date "2024.10.05"]
[Round "5.32"]
[White "Czäczine, Laura"]
[Black "Fietsch, Roland"]
[Result "1/2-1/2"]
[WhiteElo "1777"]
[BlackElo "1982"]
[PlyCount "83"]
[EventDate "2024.10.03"]
[WhiteTeam "Chemnitzer SC Aufbau`95"]
[BlackTeam "VfL 1990 Gera"]

1. e4 c5 2. Nf3 d6 3. d4 cxd4 4. Nxd4 Nf6 5. Nc3 a6 6. f3 e6 7. Be3 Be7 8. Qd2
O-O 9. O-O-O b5 10. Nb3 Bd7 11. a3 Nc6 12. Na2 Rc8 13. h4 Ne5 14. Na5 Qc7 15.
Bd4 d5 16. Qc3 Nc6 17. Nxc6 Bxc6 18. e5 Nh5 19. Bd3 Nf4 20. g3 Nxd3+ 21. Qxd3
a5 22. Qe3 Bd7 23. Qc3 Qc4 24. Qxc4 Rxc4 25. Bb6 Rfc8 26. Rd2 a4 27. Ba5 Bc5
28. Re2 Be7 29. Bb4 Bd8 30. Kb1 Bb6 31. Nc1 R4c6 32. Nd3 Be8 33. g4 Rc4 34. g5
g6 35. h5 R8c7 36. Bd6 Rb7 37. Nf2 Bxf2 38. Rxf2 Rf4 39. Bb4 Rc4 40. Rfh2 Rf4
41. Rf2 Bc6 42. Rh3 1/2-1/2

[Event "Albrecht-Beer-Turnier Gera"]
[Site "Gera"]
[Date "2024.10.05"]
[Round "5.33"]
[White "Phenn, Jan-Niklas"]
[Black "Stolz, Markus"]
[Result "1/2-1/2"]
[WhiteElo "1943"]
[BlackElo "1791"]
[PlyCount "120"]
[EventDate "2024.10.03"]
[WhiteTeam "SC Reichenbach"]
[BlackTeam "TSG Apolda"]

1. d4 d5 2. c4 e6 3. Nf3 Nf6 4. g3 Be7 5. Bg2 O-O 6. O-O Nbd7 7. b3 b6 8. Bb2
Bb7 9. Ne5 c6 10. Nd2 Nxe5 11. dxe5 Nd7 12. f4 b5 13. cxd5 cxd5 14. Nf3 Nc5 15.
Nd4 Qb6 16. e3 b4 17. f5 Bg5 18. Rf4 Bxf4 19. gxf4 exf5 20. Nxf5 Bc8 21. Ne7+
Kh8 22. Bd4 Qb5 23. Nxd5 Rb8 24. Nc7 Qa5 25. Rc1 Ne6 26. Nxe6 Bxe6 27. Rc2 Rbc8
28. Rd2 Qa3 29. Kf2 Rc1 30. Qh5 Qa6 31. f5 Bc8 32. Qg5 h6 33. Qe7 Kg8 34. e6
Qa5 35. Be4 Rc7 36. Qd6 fxe6 37. Be5 Rcf7 38. Ke1 Qb6 39. Bf4 Qxd6 40. Rxd6 Re7
41. f6 Rxf6 42. Rd8+ Rf8 43. Rxf8+ Kxf8 44. Bd6 Kf7 45. Bxe7 Kxe7 46. Ke2 Kd6
47. Bd3 Ke5 48. Bb5 Bb7 49. Kd3 Bd5 50. Be8 a5 51. Bd7 g5 52. Be8 Kd6 53. Bb5
Kc5 54. Bd7 e5 55. Be8 Bf3 56. Bd7 h5 57. e4 g4 58. Ke3 Bd1 59. Kd2 Bf3 60. Ke3
Bd1 1/2-1/2

[Event "Albrecht-Beer-Turnier Gera"]
[Site "Gera"]
[Date "2024.10.05"]
[Round "5.34"]
[White "Kutlar, Aras"]
[Black "Neumann, Michael"]
[Result "1/2-1/2"]
[WhiteElo "1759"]
[BlackElo "1920"]
[PlyCount "34"]
[EventDate "2024.10.03"]
[WhiteTeam "Hamburger SK von 1830"]
[BlackTeam "SV Mattnetz Berlin"]

1. e4 d5 2. exd5 Qxd5 3. Nc3 Qa5 4. d4 Nf6 5. Nf3 Bf5 6. Bc4 e6 7. O-O c6 8.
Bd2 Qc7 9. Re1 Bd6 10. Bg5 Nbd7 11. d5 cxd5 12. Bxd5 Bb4 13. Nd4 Bxc3 14. bxc3
Bg4 15. Bf3 Bxf3 16. Qxf3 O-O 17. Rad1 Rac8 1/2-1/2

[Event "Albrecht-Beer-Turnier Gera"]
[Site "Gera"]
[Date "2024.10.05"]
[Round "5.35"]
[White "Just, Anita"]
[Black "Tittmann, Julian"]
[Result "1-0"]
[WhiteElo "1918"]
[BlackElo "1767"]
[PlyCount "109"]
[EventDate "2024.10.03"]
[WhiteTeam "SV Weißblau Allianz Leipzig e.V."]
[BlackTeam "fuß brothers Jena"]

1. e4 c5 2. Nf3 Nc6 3. d4 cxd4 4. Nxd4 Nf6 5. Nc3 e5 6. Ndb5 d6 7. Bg5 a6 8.
Na3 b5 9. Nd5 Be7 10. Bxf6 Bxf6 11. Bd3 Ne7 12. Nxf6+ gxf6 13. Qf3 f5 14. exf5
d5 15. f6 Nc6 16. c3 Qd6 17. Rd1 e4 18. Bxe4 dxe4 19. Rxd6 exf3 20. Rxc6 fxg2
21. Rg1 Kd7 22. Rc5 Bb7 23. Nc2 Ke6 24. Nd4+ Kxf6 25. f3 Rhg8 26. Kf2 Rg6 27.
Rf5+ Ke7 28. Re1+ Kf8 29. Rfe5 Rc8 30. Rg1 Rc4 31. a3 Rc7 32. Rxg2 Rxg2+ 33.
Kxg2 Kg7 34. Kg3 Kg6 35. Kf4 h6 36. h4 Bc8 37. Rd5 Re7 38. h5+ Kg7 39. Re5 Rc7
40. Re1 Kf6 41. Re5 Bd7 42. Rd5 Ke7 43. Nf5+ Bxf5 44. Kxf5 Rc6 45. Re5+ Kf8 46.
f4 Kg7 47. Rd5 Re6 48. Rd2 Rc6 49. Rg2+ Kf8 50. Re2 Rb6 51. Re5 Rd6 52. Rc5 Re6
53. c4 bxc4 54. Rxc4 Ke7 55. Re4 1-0

[Event "Albrecht-Beer-Turnier Gera"]
[Site "Gera"]
[Date "2024.10.05"]
[Round "5.36"]
[White "Zakirov, Nikita"]
[Black "Kapp, Frank"]
[Result "0-1"]
[WhiteElo "1750"]
[BlackElo "1892"]
[PlyCount "88"]
[EventDate "2024.10.03"]
[WhiteTeam "SVG CAISSA Kassel"]
[BlackTeam "TSV IFA Chemnitz"]

1. d4 e6 2. Bf4 d5 3. Nf3 Bd6 4. Bg3 Nf6 5. e3 O-O 6. Bd3 b6 7. Nbd2 Bb7 8.
Bxd6 Qxd6 9. Ne5 c5 10. c3 Nc6 11. f4 cxd4 12. exd4 Ne7 13. Qf3 Ne8 14. O-O-O
f6 15. Qh3 g6 16. Nef3 Ng7 17. g3 Rae8 18. Qg2 Bc6 19. h4 b5 20. b4 a5 21. a3
axb4 22. axb4 Nef5 23. Qf2 Nh6 24. h5 Ng4 25. Qe2 Nxh5 26. Nh4 f5 27. Qe1 Ngf6
28. Ndf3 Ne4 29. Bxe4 dxe4 30. Ne5 Bd5 31. Kb2 Ra8 32. Ra1 Rxa1 33. Kxa1 Qa6+
34. Kb2 Qa2+ 35. Kc1 Qa1+ 36. Kd2 Qxe1+ 37. Rxe1 Ra8 38. Rg1 Ra2+ 39. Ke3 Rc2
40. g4 fxg4 41. Ra1 Rxc3+ 42. Kd2 Rh3 43. Rc1 e3+ 44. Kc2 Rxh4 0-1

[Event "Albrecht-Beer-Turnier Gera"]
[Site "Gera"]
[Date "2024.10.05"]
[Round "5.37"]
[White "Schönrock, Rüdiger"]
[Black "Czäczine, Paula"]
[Result "1/2-1/2"]
[WhiteElo "1891"]
[BlackElo "1757"]
[PlyCount "67"]
[EventDate "2024.10.03"]
[WhiteTeam "Glauchauer SC 1873"]
[BlackTeam "Chemnitzer SC Aufbau`95"]

1. e4 e5 2. Nf3 Nc6 3. Nc3 Nf6 4. d4 exd4 5. Nxd4 Bb4 6. Nxc6 bxc6 7. Bd3 d5 8.
exd5 cxd5 9. O-O O-O 10. Bg5 c6 11. Qf3 Bd6 12. Rfe1 h6 13. Bxf6 Qxf6 14. Qxf6
gxf6 15. Ne2 Rb8 16. b3 Bb4 17. c3 Ba3 18. Rab1 c5 19. Nf4 Rd8 20. Nh5 Rb6 21.
Re3 Kh8 22. Rbe1 Be6 23. Nxf6 Bb2 24. Bc2 d4 25. cxd4 Bxd4 26. Rf3 a5 27. h3 a4
28. Ng4 axb3 29. axb3 Bxg4 30. hxg4 Rd7 31. Kf1 Rf6 32. Rxf6 Bxf6 33. Rd1 Rxd1+
34. Bxd1 1/2-1/2

[Event "Albrecht-Beer-Turnier Gera"]
[Site "Gera"]
[Date "2024.10.05"]
[Round "5.38"]
[White "Bergmann, Rafael Antonio"]
[Black "Schaudin, Andreas"]
[Result "0-1"]
[WhiteElo "1738"]
[BlackElo "1885"]
[PlyCount "114"]
[EventDate "2024.10.03"]
[WhiteTeam "TSG Oberschöneweide"]
[BlackTeam "SZ Elstertal Langenberg"]

1. e4 b6 2. d4 Bb7 3. Nc3 e6 4. Nf3 Bb4 5. Bd3 Nf6 6. Qe2 h6 7. O-O d5 8. exd5
Nxd5 9. Nxd5 Bxd5 10. a3 Be7 11. c4 Bb7 12. Be3 O-O 13. Rac1 Nd7 14. Rfd1 c6
15. Bb1 Qe8 16. Rc3 Rd8 17. Qc2 f5 18. Ba2 c5 19. Qe2 Bf6 20. Rc2 Be4 21. Rcd2
Qg6 22. dxc5 Nxc5 23. Rxd8 Rxd8 24. Rxd8+ Bxd8 25. Bxc5 bxc5 26. Bb1 Bc6 27. g3
Qf6 28. Ne5 Be8 29. Nd3 Be7 30. Nf4 Bf7 31. Nd3 Bd6 32. f4 Qd4+ 33. Qf2 Qxc4
34. Qg2 Qd4+ 35. Kf1 c4 36. Ne1 Bc5 37. Ba2 e5 38. Nf3 Qd1+ 39. Ne1 Bd5 40. Qc2
Qd4 41. fxe5 Qg1+ 42. Ke2 Qxh2+ 43. Kd1 Qh5+ 44. Kc1 Qg5+ 45. Kd1 Qg4+ 46. Qe2
Qd4+ 47. Kc1 Qe3+ 48. Qd2 Qxd2+ 49. Kxd2 c3+ 50. Kc2 Bxa2 51. b3 Bxa3 52. Nf3
a5 53. Nd4 a4 54. bxa4 Bb2 55. Nxf5 Bf7 56. Nd6 Bg6+ 57. Kb3 Ba1 0-1

[Event "Albrecht-Beer-Turnier Gera"]
[Site "Gera"]
[Date "2024.10.05"]
[Round "5.39"]
[White "Han, Erdem"]
[Black "Kaipalath, Varun Raj"]
[Result "1-0"]
[WhiteElo "1705"]
[BlackElo "1882"]
[PlyCount "63"]
[EventDate "2024.10.03"]
[WhiteTeam "SSV Vimaria 91 Weimar"]
[BlackTeam "SV Schott Jena"]

1. d4 Nf6 2. c4 g6 3. Nc3 Bg7 4. e4 d6 5. Nf3 O-O 6. Be2 e5 7. O-O Nc6 8. d5
Ne7 9. b4 Nh5 10. a4 Nf4 11. c5 f5 12. Bc4 Kh8 13. Ba3 fxe4 14. Ng5 Nf5 15.
Ngxe4 Nh4 16. g3 Nh3+ 17. Kh1 Nf3 18. cxd6 cxd6 19. b5 Bg4 20. Be2 Rc8 21. Bxd6
Rf5 22. Bb4 h5 23. Rc1 h4 24. Nd6 Nxh2 25. Kxh2 Nxf2 26. Bxg4 hxg3+ 27. Kxg3
Rxc3+ 28. Rxc3 Nxd1 29. Rh1+ Kg8 30. Rc8 Qxc8 31. Nxc8 Rf4 32. Be6+ 1-0

[Event "Albrecht-Beer-Turnier Gera"]
[Site "Gera"]
[Date "2024.10.05"]
[Round "5.40"]
[White "Lorenz, Veronika"]
[Black "John, Linnea"]
[Result "1-0"]
[WhiteElo "1882"]
[BlackElo "1749"]
[PlyCount "85"]
[EventDate "2024.10.03"]
[WhiteTeam "TSG Oberschöneweide"]
[BlackTeam "SV Königsjäger Süd-West"]

1. e4 c5 2. Nf3 Nc6 3. Bc4 g6 4. c3 Bg7 5. d4 cxd4 6. cxd4 d6 7. O-O Nf6 8. d5
Nb8 9. Nc3 Bg4 10. h3 Bxf3 11. Qxf3 O-O 12. Be3 Nbd7 13. Qe2 a6 14. a4 Rc8 15.
f4 Qc7 16. Ba2 Nc5 17. Rfc1 Qa5 18. Bxc5 Qxc5+ 19. Kh1 Nh5 20. Qf3 Qb4 21. Rab1
Nf6 22. Re1 Nd7 23. e5 dxe5 24. Re4 Qb6 25. f5 Qf6 26. Rf1 Nc5 27. Rb4 Qd6 28.
Ne4 Nxe4 29. Qxe4 Rc7 30. a5 Rfc8 31. Rb6 Qd7 32. fxg6 Rc1 33. gxf7+ Kf8 34.
Rxc1 Rxc1+ 35. Kh2 h6 36. Qh7 Kxf7 37. Rg6 Qa4 38. Rxg7+ Ke8 39. Qg8+ Kd7 40.
Qe6+ Kc7 41. Qxe7+ Kc8 42. Qf8+ Qe8 43. Qxe8# 1-0

[Event "Albrecht-Beer-Turnier Gera"]
[Site "Gera"]
[Date "2024.10.05"]
[Round "5.41"]
[White "Burchardi, Helena"]
[Black "Stährfeldt, Philipp"]
[Result "1/2-1/2"]
[WhiteElo "1669"]
[BlackElo "1876"]
[PlyCount "53"]
[EventDate "2024.10.03"]
[WhiteTeam "SV Königsjäger Süd-West"]
[BlackTeam "SC Weisse Dame"]

1. e4 Nf6 2. e5 Nd5 3. c4 Nb6 4. d4 d6 5. exd6 exd6 6. Nc3 Nc6 7. Be3 Be7 8.
Bd3 Bf6 9. Nge2 Bg4 10. h3 Bh5 11. Qd2 Nb4 12. Nf4 Nxd3+ 13. Qxd3 Bg6 14. Nxg6
hxg6 15. Qe4+ Qe7 16. Qxb7 O-O 17. Nd5 Nxd5 18. Qxd5 Rab8 19. Rb1 c6 20. Qf3
Bxd4 21. O-O Bxb2 22. Qxc6 Ba3 23. Rfe1 Bc5 24. Bxc5 Rxb1 25. Rxb1 dxc5 26. Qb7
Qe2 27. Qb3 1/2-1/2

[Event "Albrecht-Beer-Turnier Gera"]
[Site "Gera"]
[Date "2024.10.05"]
[Round "5.42"]
[White "Hanmuradov, Ülwi"]
[Black "Kitzig, Tobias"]
[Result "0-1"]
[WhiteElo "1872"]
[BlackElo "1714"]
[PlyCount "94"]
[EventDate "2024.10.03"]
[WhiteTeam "ESV Gera"]
[BlackTeam "SV 1861 Liebschwitz"]

1. d4 Nf6 2. c4 e6 3. Nf3 b6 4. g3 Bb7 5. Bg2 Be7 6. O-O O-O 7. Nc3 d5 8. cxd5
exd5 9. Bf4 Nbd7 10. Rc1 c5 11. Nb5 Ne4 12. h4 Ndf6 13. Nc3 Rc8 14. Bh3 Ra8 15.
Ne5 Re8 16. e3 cxd4 17. exd4 a6 18. Nxe4 dxe4 19. Nc6 Qd5 20. Nxe7+ Rxe7 21.
Qb3 Qxb3 22. axb3 Nd5 23. Bd6 Ree8 24. Rfe1 Rad8 25. Bc7 Nxc7 26. Rxc7 Bd5 27.
Ra7 a5 28. Rd7 Rxd7 29. Bxd7 Re7 30. Rc1 g6 31. Bc6 Rc7 32. Bxd5 Rxc1+ 33. Kg2
Rd1 34. Bxe4 Rxd4 35. Bc6 Rd2 36. Kf3 Rxb2 37. Bd5 Kf8 38. Ke3 Ke7 39. f3 f6
40. Kd4 Kd6 41. Bg8 h6 42. Kc4 Re2 43. Bh7 Re3 44. Bxg6 Rxf3 45. g4 Rf4+ 46.
Kb5 Rxg4 47. h5 Rb4+ 0-1

[Event "Albrecht-Beer-Turnier Gera"]
[Site "Gera"]
[Date "2024.10.05"]
[Round "5.43"]
[White "Shynkar, Daria"]
[Black "Stiehler, Daniel"]
[Result "0-1"]
[WhiteElo "1661"]
[BlackElo "1856"]
[PlyCount "76"]
[EventDate "2024.10.03"]
[WhiteTeam "Schachakademie Paderborn"]
[BlackTeam "Muldental Wilkau-Haßlau"]

1. d4 Nf6 2. c4 g6 3. Nc3 Bg7 4. e4 d6 5. h3 O-O 6. Be3 c6 7. g4 Qa5 8. Qd2 c5
9. d5 a6 10. f3 Bd7 11. Nge2 b5 12. Ng3 bxc4 13. Bxc4 Bb5 14. Nxb5 axb5 15.
Qxa5 Rxa5 16. Bd2 b4 17. Bg5 h6 18. Bxf6 Bxf6 19. Rh2 Nd7 20. f4 Nb6 21. Bf1
Rfa8 22. Rb1 Rxa2 23. Kd1 Ra1 24. Kc1 R8a2 25. Bb5 c4 26. Rc2 Bd4 27. Nf1 Kh8
28. h4 b3 29. Rh2 c3 30. bxc3 Be3+ 31. Nxe3 Rxb1+ 32. Kxb1 Rxh2 33. h5 Rh3 34.
Nc4 Nxc4 35. Bxc4 Rxc3 36. Bb5 gxh5 37. gxh5 Re3 38. Be8 Kg7 0-1

[Event "Albrecht-Beer-Turnier Gera"]
[Site "Gera"]
[Date "2024.10.05"]
[Round "5.44"]
[White "Horn, Jens"]
[Black "Kühnl, Bernd"]
[Result "1-0"]
[WhiteElo "1644"]
[BlackElo "1813"]
[PlyCount "47"]
[EventDate "2024.10.03"]
[WhiteTeam "Post-SV Crimmitschau"]
[BlackTeam "VfL 1990 Gera"]

1. c4 c5 2. Nc3 Nc6 3. g3 g6 4. Bg2 Bg7 5. e4 e5 6. d3 Nge7 7. Nge2 d6 8. O-O
O-O 9. h3 a6 10. f4 f5 11. fxe5 Bxe5 12. Bh6 Bg7 13. Bxg7 Kxg7 14. Qd2 Be6 15.
Nd5 Bxd5 16. exd5 Ne5 17. Nf4 Qd7 18. Ne6+ Kg8 19. Nxf8 Rxf8 20. b3 b5 21. Rae1
b4 22. d4 cxd4 23. Qxd4 a5 24. c5 1-0

[Event "Albrecht-Beer-Turnier Gera"]
[Site "Gera"]
[Date "2024.10.05"]
[Round "5.46"]
[White "Müller, Cosima"]
[Black "Meyer, Jessica"]
[Result "1-0"]
[WhiteElo "1807"]
[BlackElo "1697"]
[PlyCount "31"]
[EventDate "2024.10.03"]
[WhiteTeam "SSV Altenberg"]
[BlackTeam "SV Motor Zeitz"]

1. e4 a6 2. d4 b5 3. Nf3 Bb7 4. Bd3 e6 5. O-O d6 6. Re1 Nf6 7. Nbd2 Nbd7 8. Nf1
c5 9. c3 Be7 10. Ng3 O-O 11. h3 Qc7 12. Nh2 e5 13. Nf5 Rfe8 14. Ng4 Nxg4 15.
Qxg4 Bf6 16. Nxg7 1-0

[Event "Albrecht-Beer-Turnier Gera"]
[Site "Gera"]
[Date "2024.10.05"]
[Round "5.48"]
[White "Steinbacher, Bernd"]
[Black "Boroshnev, Dmytro"]
[Result "0-1"]
[WhiteElo "1972"]
[BlackElo "1543"]
[PlyCount "55"]
[EventDate "2024.10.03"]
[WhiteTeam "USG Chemnitz"]
[BlackTeam "SC Turm Erfurt"]

1. e4 c5 2. Nf3 d6 3. Nc3 Nf6 4. h3 e5 5. Bb5+ Bd7 6. Bxd7+ Qxd7 7. d3 Be7 8.
Bg5 Nc6 9. Bxf6 Bxf6 10. Nh2 h5 11. Nd5 Bd8 12. Nf1 Bg5 13. h4 Bh6 14. Ng3 Ne7
15. c4 Nxd5 16. cxd5 g6 17. a3 a6 18. Qf3 Qe7 19. Nf1 Rc8 20. g4 hxg4 21. Qxg4
Kd8 22. Ng3 Qf6 23. Ke2 c4 24. dxc4 Rxc4 25. Kd3 Rd4+ 26. Kc3 Qxf2 27. Kb3 Rd3+
28. Ka2 0-1

[Event "Albrecht-Beer-Turnier Gera"]
[Site "Gera"]
[Date "2024.10.05"]
[Round "5.49"]
[White "Schönfeld, Volker"]
[Black "Reißmann, Edmund"]
[Result "1-0"]
[WhiteElo "1940"]
[BlackElo "1713"]
[PlyCount "87"]
[EventDate "2024.10.03"]
[WhiteTeam "VfL 1990 Gera"]
[BlackTeam "SV Erzgebirge Stollberg"]

1. e4 d5 2. exd5 Qxd5 3. Nc3 Qd8 4. d4 Nf6 5. Bc4 Bg4 6. Nf3 e6 7. O-O Bd6 8.
h3 Bxf3 9. Qxf3 c6 10. Re1 O-O 11. Bg5 Nbd7 12. Rad1 h6 13. Bh4 Qc7 14. Ne4 Be7
15. Bg3 Qb6 16. Bb3 Nxe4 17. Qxe4 Nf6 18. Qe2 Kh8 19. c3 Nd5 20. c4 Nf6 21. d5
Bb4 22. dxe6 Bxe1 23. e7 Bb4 24. exf8=R+ Rxf8 25. Bh4 c5 26. Qe7 Kg8 27. Rd6
Re8 28. Qxe8+ Nxe8 29. Rxb6 axb6 30. Bc2 Nd6 31. b3 f5 32. Bd8 Ba5 33. Bc7 Ne4
34. Bxe4 fxe4 35. Kf1 Kf7 36. Ke2 Ke6 37. Ke3 Kf5 38. g4+ Ke6 39. Kxe4 g6 40.
f4 h5 41. f5+ Kf6 42. Bd8+ Kf7 43. fxg6+ Kxg6 44. Ke5 1-0

[Event "Albrecht-Beer-Turnier Gera"]
[Site "Gera"]
[Date "2024.10.05"]
[Round "5.50"]
[White "Lopez Grande, Alberto"]
[Black "Hilbert, Stephan-Jörg"]
[Result "1/2-1/2"]
[WhiteElo "1700"]
[BlackElo "1867"]
[PlyCount "48"]
[EventDate "2024.10.03"]
[BlackTeam "SV Motor Zeitz"]

1. e4 d5 2. exd5 Qxd5 3. Nc3 Qa5 4. d4 Nf6 5. Bc4 Bf5 6. Bd2 c6 7. h3 e6 8. g4
Bg6 9. h4 h6 10. Qe2 Qd8 11. O-O-O Be7 12. f4 Nbd7 13. Re1 Nb6 14. Bb3 Kd7 15.
f5 exf5 16. gxf5 Bh5 17. Nf3 Bd6 18. Qg2 Kc7 19. Ne5 Qf8 20. Rhg1 Rg8 21. Ne2
a5 22. a4 Nbd5 23. Nf4 Nxf4 24. Bxf4 Nd7 1/2-1/2

[Event "Albrecht-Beer-Turnier Gera"]
[Site "Gera"]
[Date "2024.10.05"]
[Round "5.52"]
[White "Horatschek, Peter"]
[Black "Ottlik, Marie"]
[Result "1-0"]
[WhiteElo "1798"]
[BlackElo "1657"]
[PlyCount "137"]
[EventDate "2024.10.03"]
[WhiteTeam "fuß brothers Jena"]
[BlackTeam "TSV Kitzscher"]

1. Nf3 d5 2. g3 Nc6 3. d4 Nf6 4. Bg2 g6 5. O-O Bg7 6. Nbd2 O-O 7. c4 e6 8. a3
a5 9. Qc2 Nd7 10. cxd5 exd5 11. e3 Nb6 12. b3 Bf5 13. Qc3 Qd7 14. Bb2 Bh3 15.
Ne1 Rfe8 16. Nd3 Bxg2 17. Kxg2 Qc8 18. Rac1 Nd7 19. b4 axb4 20. axb4 Nb6 21. b5
Na5 22. Qxc7 Nbc4 23. Qxc8 Rexc8 24. Bc3 Nxd2 25. Bxd2 Nc4 26. Bb4 Ra2 27. Kh3
b6 28. Nf4 Rd8 29. Nxd5 Rxd5 30. Rxc4 Ra8 31. Rfc1 h6 32. Rc8+ Rxc8 33. Rxc8+
Kh7 34. Rc6 Rxb5 35. Be7 Rb2 36. Kg2 b5 37. d5 Be5 38. Rb6 Kg7 39. Kf3 h5 40.
h4 Rb1 41. Ke4 Bc7 42. Rb7 Ba5 43. d6 b4 44. d7 Rd1 45. Bc5 Rd2 46. Bd4+ Kf8
47. Ra7 Bd8 48. Bc5+ Kg7 49. Bxb4 Rd1 50. Bc5 Rd2 51. f3 Rd1 52. Bd4+ Kf8 53.
Ke5 Rc1 54. Ra8 Ke7 55. Rxd8 Kxd8 56. Kf6 Kxd7 57. Kxf7 Rc6 58. Bf6 Re6 59. e4
Re8 60. Kxg6 Rg8+ 61. Kxh5 Rxg3 62. f4 Ke6 63. Bg5 Re3 64. e5 Rb3 65. Kg6 Rb8
66. Bf6 Rg8+ 67. Bg7 Rb8 68. f5+ Ke7 69. f6+ 1-0

[Event "Albrecht-Beer-Turnier Gera"]
[Site "Gera"]
[Date "2024.10.05"]
[Round "5.53"]
[White "Kötz, Michael"]
[Black "Schuricht, Dirk"]
[Result "1-0"]
[WhiteElo "1772"]
[BlackElo "1619"]
[PlyCount "69"]
[EventDate "2024.10.03"]
[WhiteTeam "Einheit Börnichen"]
[BlackTeam "Krefelder SK Turm 1851"]

1. c4 Nf6 2. Nc3 g6 3. g3 Bg7 4. Bg2 O-O 5. e4 d6 6. d3 c6 7. Nge2 Nbd7 8. O-O
Qc7 9. Rb1 a6 10. a4 Rb8 11. b4 b5 12. c5 dxc5 13. bxc5 Nxc5 14. d4 Nxa4 15.
Bf4 Qa5 16. Bxb8 Nxc3 17. Nxc3 Bg4 18. Qb3 Rxb8 19. Ra1 Qb6 20. h3 Be6 21. d5
cxd5 22. exd5 Bc8 23. Rad1 Qd6 24. Ne4 Nxe4 25. Bxe4 Bxh3 26. Rfe1 Bg4 27. Bf3
Bxf3 28. Qxf3 Rc8 29. Rc1 Rc5 30. Rxc5 Qxc5 31. Qe4 Bf8 32. Re2 b4 33. Rc2 Qa7
34. Qxb4 e6 35. Rc8 1-0

[Event "Albrecht-Beer-Turnier Gera"]
[Site "Gera"]
[Date "2024.10.05"]
[Round "5.54"]
[White "Barbas, Fernando"]
[Black "Vo, Thomi"]
[Result "0-1"]
[WhiteElo "1693"]
[BlackElo "1748"]
[PlyCount "66"]
[EventDate "2024.10.03"]
[BlackTeam "Erfurter SK"]

1. e4 e5 2. Nf3 Nc6 3. d4 exd4 4. Bc4 Bb4+ 5. c3 dxc3 6. bxc3 Ba5 7. O-O d6 8.
Qb3 Qd7 9. Rd1 Bb6 10. Bb5 a6 11. Ba4 Qe6 12. c4 Bd7 13. Nc3 Nf6 14. Nd5 Na5
15. Bxd7+ Nxd7 16. Qa4 O-O 17. Ng5 Qe8 18. Rb1 h6 19. Nf3 Nc5 20. Qc2 Qxe4 21.
Qxe4 Nxe4 22. Be3 Bxe3 23. Nxe3 Nc3 24. Nd5 Nxd1 25. Rxd1 Rad8 26. Nxc7 Rd7 27.
Nd5 Nxc4 28. Rc1 Ne5 29. Nd4 Nc6 30. Nxc6 bxc6 31. Rxc6 Rb8 32. g3 Rb5 33. Ne3
a5 0-1

[Event "Albrecht-Beer-Turnier Gera"]
[Site "Gera"]
[Date "2024.10.05"]
[Round "5.55"]
[White "Richter, Felix"]
[Black "Naumann, Thomas"]
[Result "1/2-1/2"]
[WhiteElo "1646"]
[BlackElo "1745"]
[PlyCount "61"]
[EventDate "2024.10.03"]
[WhiteTeam "SK Zehlendorf"]
[BlackTeam "ESV Lok Döbeln"]

1. e4 e5 2. Nf3 Nc6 3. c3 Nf6 4. d4 exd4 5. e5 Ng8 6. cxd4 d6 7. Nc3 dxe5 8.
dxe5 Qxd1+ 9. Nxd1 Bb4+ 10. Nc3 Bxc3+ 11. bxc3 Bg4 12. Be2 Nge7 13. O-O Rb8 14.
Rb1 Ng6 15. Ba3 Nh4 16. Nxh4 Bxe2 17. Rfe1 Bc4 18. Nf5 Rg8 19. Rb2 Be6 20. Nd4
Nxd4 21. cxd4 Kd7 22. f4 g6 23. Kf2 h5 24. h4 b6 25. Ke3 Bd5 26. g3 a6 27. Bb4
c5 28. Bc3 c4 29. a3 a5 30. Reb1 Kc6 31. Rb5 1/2-1/2